|
|
|
|
| LEADER |
01000cam a22002652c 4500 |
| 001 |
098189166 |
| 003 |
DE-627 |
| 005 |
20251012074740.0 |
| 007 |
tu |
| 008 |
061003s2001 gw ||||| 00| ||ger c |
| 035 |
|
|
|a (DE-627)098189166
|
| 035 |
|
|
|a (DE-576)9098189164
|
| 035 |
|
|
|a (DE-599)GBV098189166
|
| 035 |
|
|
|a (OCoLC)1159428746
|
| 040 |
|
|
|a DE-627
|b ger
|c DE-627
|e rakwb
|
| 041 |
|
|
|a ger
|
| 044 |
|
|
|c XA-DE-BW
|
| 245 |
0 |
0 |
|a Frühe Industrie
|c Herausgeber: Verband der Landesarchäologie in der Bundesrepublik Deutschland: Prof. Dr. Dieter Planck [4 Weitere]
|
| 264 |
|
1 |
|c 2001
|
| 336 |
|
|
|a Text
|b txt
|2 rdacontent
|
| 337 |
|
|
|a ohne Hilfsmittel zu benutzen
|b n
|2 rdamedia
|
| 338 |
|
|
|a Band
|b nc
|2 rdacarrier
|
| 490 |
1 |
|
|a Archäologie in Deutschland / Hrsg.: Verband der Landesarchäologen in der Bundesrepublik Deutschland
|v 17.2001,1
|
| 500 |
|
|
|a 2001 ist der 17. Jahrgang der Zeitschrift
|
| 583 |
1 |
|
|a Archivierung prüfen
|c 20251012
|f DE-4165
|z 1
|2 pdager
|
| 655 |
|
7 |
|a Aufsatzsammlung
|0 (DE-588)4143413-4
|0 (DE-627)105605727
|0 (DE-576)209726091
|2 gnd-content
|
| 700 |
1 |
|
|a Planck, Dieter
|d 1944-2025
|e herausgeberin
|0 (DE-588)108260062
|0 (DE-627)557770386
|0 (DE-576)162569939
|4 edt
|
| 710 |
2 |
|
|a Verband der Landesarchäologen in der Bundesrepublik Deutschland
|e Herausgebendes Organ
|0 (DE-588)5023674-X
|0 (DE-627)103195521
|0 (DE-576)193722666
|4 isb
|
| 830 |
|
0 |
|a Archäologie in Deutschland
|v 17.2001,1
|9 2001,17,1
|w (DE-627)129925721
|w (DE-576)015389782
|w (DE-600)351220-4
|x 0176-8522
|7 am
|
| 912 |
|
|
|a GBV_ILN_39
|
| 912 |
|
|
|a ISIL_DE-547
|
| 912 |
|
|
|a SYSFLAG_1
|
| 912 |
|
|
|a GBV_KXP
|
| 912 |
|
|
|a GBV_ILN_235
|
| 912 |
|
|
|a ISIL_DE-616
|
| 912 |
|
|
|a GBV_ILN_235_S35
|
| 912 |
|
|
|a GBV_ILN_350
|
| 912 |
|
|
|a ISIL_DE-2795
|
| 912 |
|
|
|a GBV_ILN_350_
|
| 912 |
|
|
|a GBV_ILN_352
|
| 912 |
|
|
|a GBV_ILN_662
|
| 912 |
|
|
|a ISIL_DE-Sta5
|
| 912 |
|
|
|a GBV_ILN_732
|
| 912 |
|
|
|a GBV_ILN_2477
|
| 912 |
|
|
|a ISIL_DE-Sa27
|
| 951 |
|
|
|a BO
|
| 980 |
|
|
|2 39
|1 01
|x 0547
|b 3510874404
|c 00
|f MAG
|d 420859-2001/02
|e s
|j --%%--
|c 05
|f --%%--
|d Bibliothek Teufel
|e --%%--
|j --%%--
|h t-2019
|k Jg.2001 - Jg.2002 zusammengebunden. Suche unter Signatur : 420859-2001/02
|y zet9
|z 02-09-19
|
| 980 |
|
|
|2 235
|1 01
|x 3235/035
|b 1577041232
|c 00
|f NLD H
|d Z. R 0/ 4
|e i
|j --%%--
|y zS35
|z 02-11-15
|
| 980 |
|
|
|2 350
|1 01
|x 8293
|b 097407496
|c 00
|f KELLER
|d Z 578
|e i
|j --%%--
|y n
|z 27-02-01
|
| 980 |
|
|
|2 352
|1 01
|x 4352/0002
|b 4717871723
|c 00
|f M02:Wolfenbüttel
|d ZSW 0825-17.2001,1
|e f
|j --%%--
|k Jahrgang 17.2001, Heft 1
|y zM02
|z 30-04-25
|
| 980 |
|
|
|2 662
|1 01
|x 4662/0001
|b 1563789795
|c 00
|f --%%--
|d --%%--
|e --%%--
|j --%%--
|y x
|z 25-08-15
|
| 980 |
|
|
|2 732
|1 01
|x 4732
|b 4697737970
|c 00
|f --%%--
|d Z - X 88/2001.1
|e i
|j --%%--
|y z
|z 07-04-25
|
| 980 |
|
|
|2 2477
|1 01
|x DE-Sa27
|b 4509629869
|c 00
|f --%%--
|d --%%--
|e p
|j n
|k Bestand siehe Bandaufführung
|y l01
|z 10-04-24
|
| 982 |
|
|
|2 350
|1 01
|x 8293
|8 00
|a Archäologie
|
| 982 |
|
|
|2 350
|1 01
|x 8293
|8 00
|a Industrie
|
| 984 |
|
|
|2 39
|1 01
|x 0547
|a 547$016023145
|
| 984 |
|
|
|2 352
|1 01
|x 4352/0002
|a 4352$200065654
|c 17.2001,1
|
| 985 |
|
|
|2 350
|1 01
|x 8293
|a 01/116
|
| 985 |
|
|
|2 732
|1 01
|x 4732
|a 2001/15
|
| 995 |
|
|
|2 39
|1 01
|x 0547
|a t-2019
|